000 00888nam a2200241 i 4500
001 186559
003 ES-MaACL
005 20250716063339.0
008 161125s1960 fr |||| |dfre d
080 _a272-285.2(02)"16"
100 1 _aPascal, Blaise,
_d1623-1662
_989307
245 1 0 _aPensées /
_cBlaise Pascal ; texte intégral établi et présenté par Zacharie Tourneur et Didier Anzieu.
246 3 5 _aPensées de Pascal
260 _aParis :
_bArmand Colin,
_c[1960]
300 _a2 v. (LXXXVII, 350 p., IX, 363 p.) ;
_c18 cm.
490 1 _aBibliothèque de Cluny
650 0 4 _aApologética-
_vObras anteriores a 1800.
_99922
700 1 _aTourneur, Zacharie.
_9161376
700 1 _aAnzieu, Didier.
_9149125
830 0 _aBibliothèque de Cluny
_9192583
852 _aES-MaACL
_jL-30909-10
_z. - Biblioteca Jacinto Martínez Lacalle
999 _c186559
_d186559